| 000 | 00427pab a2200133 454500 | ||
|---|---|---|---|
| 008 | 180718b xxu||||| |||| 00| 0 eng d | ||
| 100 | _aChockalingam K. | ||
| 245 | _aAttitude of student community towards police functioning in Tamil Nadu | ||
| 362 | _a(3) Jul-Sep 93, p.9-12 | ||
| 650 | _aPolice - Community Relations - India - Tamil Nadu | ||
| 700 | _aSrinivasas M. | ||
| 773 | _aPolice Research and Development | ||
| 909 | _a25958 | ||
| 999 |
_c25958 _d25958 |
||